00289nam a2200121Ia 4500008004000000041000800040082001300048100001500061245001900076260004900095650001500144650000800159210210b1907 xxu||||| |||| 00| 0 eng d aeng a822/1045 aRUSKLN (J) aPraeterita III aLondonbGeorge Allen and Unwin Limitedc1907 aPraeterita aIII